000 01426nam a22002297a 4500
999 _c61572
_d61572
003 Ge_BSU
005 20240326103444.0
008 240326s2008 ge ||||| |||| 00| 0 geo d
020 _a9994023950
041 _ageo
080 _a008(09) კ-83
245 _aკულტურის ისტორიისა და თეორიის საკითხები : ებრაული კრებული = The qiestion of the histori and theory of culture :
_bტ. XXIV /
_cმთ. რედგ. ლორთქიფანიძე ; ტომის რედ. რ. ბურჭულაძე
264 _aთბილისი :
_bხირონი,
_c 2008.
300 _a136 გვ.:
_b ილ.
504 _aბიბლიოგრაფია: გვ.11, გვ.16.
653 _aებრაული კულტურის ისტორია.
653 _aკრებული.
700 _aლორთქიფანიძე, გ
_eმთავარი რედაქტორი
_91484
700 _a ბურჭულაძე, რ
_eრედაქტორი ტომის
_921582
710 _aივანე ჯავახიშვილის თბილისის სახელმწიფო უნივერსიტეტი, ებრაული კულტურისა და იუდაიკის კაბინეტი
_921583
942 _2udc
_cBK